Berühmte Afrodeutsche - Statistiken

Allgemein
  • Dieses Quiz wurde 42 mal gespielt
  • Das Durchschnittsergebnis liegt bei 7 aus 18
Antwortstatistiken
Hinweis Person % Korrekt
Er sang den "Mambo No. 5" Lou Bega
87%
Laut ihm muss "ein bisschen Spaß" sein Roberto Blanco
85%
Fußball-Nationalspieker, gewann 2021 und 2024 mit Chelsea bzw. Real Madrid die Champions League Antonio Rüdiger
82%
Most Valuable Player der Basketball-WM 2023 und -EM 2025 Dennis Schröder
79%
Wurde 2014 Fußball-Weltmeister Jérôme Boateng
79%
Jury-Mitglied by "Let's Dance" Motsi Mabuse
51%
Nationalspieler, der 2020 mit Bayern München das "Sextuple" gewann Serge Gnabry
36%
Bildete mit der Rapperin Juju zusammen das Duo SXTN Nura
33%
Rapper, der mit "Beautiful Girl", "Bamba" und "Time" Platz 1 der deutschen Single-Charts erreichte Luciano
28%
Moderierte bis 2017 die Kindersendung "Wissen macht Ah!" Shary Reeves
26%
Spielte den Schrecklichen Sven in Michael Herbigs Verfilmung von "Wickie und die starken Männer" Günther Kaufmann
23%
Nach ihm wurde 1998 eine Stiftung benannt, die sich gegen Rechtsextremismus und Rassismus einsetzt Amadeu Antonio
21%
Comedian, der bei seinen Auftritten eine Mischung aus Schwäbisch und Kiezdeutsch spricht Tedros Teclebrhan
21%
Sozialministerin und stellvertretende Ministerpräsidentin von Schleswig-Holstein Aminata Touré
10%
Philosoph des 18. Jahrhunderts, der in Afrika als Wahrsager angesehen wurde Anton Wilhelm Amo
10%
Früh verstorbener Sänger und Tänzer, bildete mit Fab Morvan das Duo Milli Vanilli Rob Pilatus
8%
Bekannt als Domino in "Deadpool 2" und als Die Wespe in "Bullet Train" Zazie Beetz
8%
Kammermohr der Essener Fürstäbtissin Franziska Christine von Pfalz-Sulzbach Ignatius Fortuna
3%
Keine übereinstimmenden Quizze gefunden
Verteilung der Resultate
Anzahl Personen mit jedem Resultat
Perzentil nach korrekt beantworteten Fragen
Ihre Resultats-Entwicklung
Sie haben dieses Quiz noch nicht gespielt